000 00435pab a2200169 454500
008 180718b2003 xxu||||| |||| 00| 0 eng d
100 _aJodhka, Surinder S.
245 _aCaste tensions in Punjab: Talhan and beyond
260 _c2003
300 _ap.2923-926.
362 _a12 Jul
650 _aCaste - India - Punjab
650 _aCaste
700 _aLouis, Prakash
773 _aEconomic and Political Weekly
909 _a57288
999 _c57288
_d57288